Statistiche per Stati per forma di governo - Giunte militari

Clicka qui per fare il quiz!

Statistiche generali

  • Questo quiz è stato fatto 11 volte
  • Il punteggio medio è 5 su 7

Statistiche sulle risposte

ContinenteStato% Corretto
AfricaMali
82%
AfricaNiger
82%
AfricaSudan
82%
AsiaBirmania
73%
AfricaBurkina Faso
55%
AfricaCiad
55%
AfricaGuinea
45%

Distribuzione punteggi

Percentile per numero di risposta

Percentuale di utenti per punteggio

I tuoi punteggi nel tempo

Non hai fatto questo quiz